Discovery of the hiddenself / (Record no. 82754)

MARC details
000 -LEADER
fixed length control field 00528nam a22001817a 4500
005 - DATE AND TIME OF LATEST TRANSACTION
control field 20140303121041.0
010 ## - LCCN (DPL NO)
LC control number ENG-109402
020 ## - INTERNATIONAL STANDARD BOOK NUMBER
International Standard Book Number 9788190706179
Terms of availability 495.00
035 ## - SYSTEM CONTROL NUMBER
System control number EN-92935
037 ## - SOURCE OF ACQUISITION
Source of stock number/acquisition DBAD/Distributor
082 ## - DEWEY DECIMAL CLASSIFICATION NUMBER
Classification number S
100 ## - MAIN ENTRY--PERSONAL NAME
Personal name Mitra, Sandip
245 ## - TITLE STATEMENT
Title Discovery of the hiddenself /
Statement of responsibility, etc by Sandip Mitra ; foreworded by Arati Nandi
260 ## - PUBLICATION, DISTRIBUTION, ETC. (IMPRINT)
Place of publication, distribution, etc Kolkata
Name of publisher, distributor, etc Pradip Kumar Mitra
Date of publication, distribution, etc 2014
270 ## - ADDRESS
Address 40, Bansdroni Govt. Colony
City Kolkata
Postal code 700070
300 ## - PHYSICAL DESCRIPTION
Extent viii,161p.
Dimensions 22cm(Hb)
942 ## - ADDED ENTRY ELEMENTS (KOHA)
Source of classification or shelving scheme Dewey Decimal Classification
Item type English Books
Call number suffix MIT
Classification part S
Holdings
Withdrawn status Lost status Not for loan Collection code Home library Current library Date acquired Source of acquisition Cost, normal purchase price Full call number Barcode Copy number Cost, replacement price Koha item type
    Not For Loan Fiction D.B.Act.Division D.B.Act.Division 25/02/2014 DBAD/PUB 495.00 S MIT EN-92935 1 495.00 English Books

© Delhi Public Library
Hit Counter
free hit counter